000 00840nam a2200241Ia 4500
003 OSt
005 20220923220911.0
006 a|||||r|||| 00| 0
007 ta
008 220922b |||||||| |||| 00| 0 hin d
024 _a192,000
037 _cTextual
040 _aARTS
_cARTS
_bhin
041 _2hin
_ahin
082 _aS:811.20J5, 152M0-;1
100 _aश्रीवास्तव, वीणा
245 0 _aभारतीय एवं पाश्चात्य स्वप्न चिन्तन
246 _aBhāratīya evan pāshchātya svapna chintana
260 _aपटना
_b बिहार ग्रंथ कुटीर
_c1980
300 _a136पृ.
_ccm.
942 _hS:811.20J5, 152M0-;1
_cTEXL
_2CC
999 _c344646
_d344646